Statistiques concernant Football quiz n°5

Cliquez ici pour prendre le quiz!

Statistiques générales

  • Ce quiz a été pris 284 fois
  • Le résultat moyen est 11 sur 15

Statistiques - réponses

QuestionsRéponses% Correct
Seul ballon d'or africain de l'histoireGeorge Weah
93%
Coach allemand passé par le PSG et ChelseaThomas Tuchel
91%
club 7 fois vainqueur en Europa LeagueFC Séville
90%
Ancien joueur considéré comme le meilleur coach du mondePep Guardiola
90%
Nationalité de Josko GvardiolCroatie
82%
dernier buteur de la fameuse "Remontada"Sergi Roberto
81%
Meilleur buteur de la sélection espagnoleDavid Villa
80%
Couleur emblématique de NorwichJaune et vert
77%
Délivrant la France lors du match d'ouverture de l'euro 2016Dimitri Payet
76%
Le plus grand nombre de coups francs inscritsJuninho
73%
Joueur passé par le Sporting, le LOSC et l'AC MilanRafael Leao
70%
Prénom de son fils, qui joue a la JuventusTimothy
60%
Surnom des joueurs du FC NantesLes Canaries
54%
Record d'arrêts dans un match de Premier League (14)David De Gea
47%
Crash d'avion club brésilien en 2016Chapecoense
29%

Distribution des résultats

Percentile par nombre de réponses

% des personnes avec chaque résultat

Votre développement - résultats

Vous n’avez pas pris ce quiz